000 01239nam a2200325 a 4500
001 000112104
003 CHAP
005 20220329144246.0
008 151203s2015 mx a |sm |||||||spa d
010 _a108565
011 _a109537
040 _cCHAP
090 _aTesis
100 1 _aReyes Santiago, Yadira
_9130199
245 1 0 _aCaracterización del cooperativismo en cinco países de América Latina, 2000-2012
_h[En línea]
_cpor Yadira Reyes Santiago.
260 _aChapingo, Méx. :
_bEl autor,
_c2015.
500 _aPara ver el contenido del material haga clic en la liga
502 _aTesis (Ingeniero en Economía Agrícola) -- UACH. División de Ciencias Económico Administrativo
590 _aE5652GLJ
_b05
_c20151203
_lUCH01
_h1336
590 _aE5652GLJ
_b05
_c20151203
_lUCH01
_h1336
590 _aE5652GLJ
_b05
_c20151204
_lUCH01
_h0703
650 1 4 _aAmérica Latina
_xCondiciones económicas
_95390
650 1 4 _aComercio internacional
_zAmérica Latína.
_9130239
650 1 4 _aCooperativismo
_xAmérica Latina.
_927788
650 1 4 _aIndicadores económicos
_zAmérica Latina.
_9130238
856 _aFinding aid
_uhttp://10.13.5.2/tesis/sist112104.pdf
_zTeclea aquí
901 _aBK
942 _cTESIS
942 _n0
999 _c108565
_d108565